| 000 | 01497cam a22004217i 4500 | ||
|---|---|---|---|
| 001 | data | ||
| 005 | 20260322212110.0 | ||
| 008 | data | ||
| 035 | _a20999932 | ||
| 906 |
_a7 _bcbc _ccopycat _d3 _encip _f20 _gy-gencatlg |
||
| 925 | 0 |
_aacquire _b1 shelf copy _xpolicy default |
|
| 955 | _ebe07 2021-09-10 (telework) | ||
| 010 | _a 2019421339 | ||
| 020 | _a9788497391832 | ||
| 020 | _a8497391837 | ||
| 035 | _a(OCoLC)1238211290 | ||
| 040 |
_aNYP _beng _cNYP _erda _dDLC _dOCLCF _dDLC |
||
| 042 | _alccopycat | ||
| 050 | 0 | 0 |
_aBX945.3 _b.C35 2019 |
| 100 | 1 | _aCalvo Zarraute, Gabriel. | |
| 245 | 1 | 0 |
_aVerdades y mitos de la Iglesia Católica : _bla historia contra la mentira / _cGabriel Calvo Zarraute ; prólogo, Pío Moa. |
| 250 | _aPrimera edición. | ||
| 264 | 1 |
_aSan Sebastián de los Reyes, Madrid : _bEditorial Actas, _cMay 2019. |
|
| 300 |
_a623 pages ; _c25 cm. |
||
| 336 |
_atext _2rdacontent |
||
| 337 |
_aunmediated _2rdamedia |
||
| 338 |
_avolume _2rdacarrier |
||
| 490 | 0 | _aActas historia | |
| 504 | _aIncludes bibliographical references. | ||
| 610 | 2 | 0 |
_aCatholic Church _xHistory. |
| 610 | 2 | 7 |
_aCatholic Church. _2fast _0(OCoLC)fst00531720 |
| 650 | 0 | _aChurch history. | |
| 650 | 7 |
_aChurch history. _2fast _0(OCoLC)fst00860740 |
|
| 655 | 7 |
_aHistory. _2fast _0(OCoLC)fst01411628 |
|
| 700 | 1 | _aMoa, Pío. | |
| 923 |
_d20190530 _n213092 _sSP-BaPL |
||
| 985 | _eVENDOR LOAD | ||
| 999 |
_c1643 _d1643 |
||